Statistiques concernant One Piece Quiz

Cliquez ici pour prendre le quiz!

Statistiques générales

  • Ce quiz a été pris 290 fois
    (234 depuis la dernière actualisation)
  • Le résultat moyen est 13 sur 15

Statistiques - réponses

QuestionRéponse% Correct
Quel est le nom du personnage principal de One Piece ?Luffy
99%
Quelle est la profession de Nami dans l'équipage de Luffy ?Navigatrice
99%
Quel est le vrai nom de Barbe Noire ?Marshall
98%
Qui est le créateur de l'armée révolutionnaire ?Monkey D. Dragon
98%
Qui est le personnage qui a mangé le fruit du démon du type logia de la glace ?Aokiji
97%
Quel est le nom de la prison impénétrable située sous l'eau ?Impel Down
97%
Qui est le capitaine de l'équipage du Heart ?Law
96%
Quel est le surnom de Gol D. Roger ?Le Roi des Pirates
96%
Quel personnage ne fait pas partie de la tribu des Minks ?Chopper
92%
Dans quel arc apparaît pour la première fois le Gear Fourth de Luffy ?Dressrosa
92%
Qui est le père de Sanji ?Judge
92%
Qui est le membre de l'équipage de Barbe Blanche qui possède le pouvoir du Tori Tori no Mi, modèle Phoenix ?Marco
91%
Quel est le nom de la ville natale de Zoro ?Shimotsuki
86%
Quel est le nom de la technique ultime de Zoro ?Kyuutoryu Ougi: Asura
63%
Quel est le nom du navire de Barbe Noire ?sabre de Xebec
45%

Distribution des résultats

Percentile par nombre de réponses

% des personnes avec chaque résultat

Votre développement - résultats

Vous n’avez pas pris ce quiz depuis la dernière actualisation